Statistics for Države svijeta na karti

Click here to take the quiz!

General Stats

  • This quiz has been taken 137 times
    (91 since last reset)
  • The average score is 101 of 196

Answers on the Map

Answers color-coded by a green-red scale on the quiz's map according to % correct below.
 

Answer Stats

Država% Correct
Kanada
90%
Brazil
87%
Francuska
87%
Hrvatska
87%
Meksiko
87%
Sjedinjene Američke Države
87%
Ujedinjeno Kraljevstvo
87%
Centralnoafrička Republika
85%
Argentina
84%
Srbija
84%
Turska
84%
Australija
82%
Austrija
82%
Egipat
82%
Finska
82%
Grčka
82%
Island
82%
Italija
82%
Norveška
82%
Rusija
82%
Španija
82%
Indija
81%
Kina
81%
Njemačka
81%
Poljska
81%
Portugal
81%
Švedska
81%
Bosna i Hercegovina
79%
Crna Gora
79%
Japan
79%
Slovenija
79%
Belgija
77%
Čile
77%
Niger
77%
Sjeverna Makedonija
77%
Ukrajina
77%
Bjelorusija
76%
Irska
76%
Litvanija
76%
Nizozemska
76%
Peru
76%
Albanija
74%
Bugarska
74%
Danska
74%
Estonija
74%
Južna Afrika
74%
Latvija
74%
Mađarska
74%
Rumunija
74%
Sjeverna Koreja
74%
Češka
73%
Irak
73%
Iran
73%
Južna Koreja
73%
Švicarska
73%
Alžir
71%
Madagaskar
71%
Slovačka
71%
Kosovo
69%
Maroko
69%
Urugvaj
69%
Novi Zeland
68%
Panama
68%
Nigerija
66%
Filipini
65%
Indonezija
65%
Kipar
65%
Kuba
65%
Moldavija
65%
Mongolija
65%
Paragvaj
65%
Venecuela
65%
Saudijska Arabija
63%
Sudan
63%
Tunis
63%
Kolumbija
61%
Pakistan
61%
Luksemburg
60%
Nepal
60%
Tajland
60%
Čad
56%
Kazahstan
56%
Uzbekistan
56%
Andora
55%
Ekvador
55%
Libija
55%
Oman
55%
Bolivija
53%
Gana
53%
Jemen
53%
Malta
53%
Monako
53%
Vijetnam
53%
Afganistan
52%
Angola
50%
Honduras
50%
Jamajka
50%
San Marino
50%
Somalija
50%
Vatikan Siti
50%
Mali
48%
Šri Lanka
48%
Zambija
48%
Demokratska Republika Kongo
47%
Etiopija
47%
Južni Sudan
47%
Katar
47%
Obala Slonovače
47%
Sirija
47%
Dominika
45%
Turkmenistan
45%
Bocvana
44%
Gvineja
44%
Kostarika
44%
Laos
44%
Jordan
42%
Ujedinjeni Arapski Emirati
42%
Bangladeš
40%
Kenija
40%
Kirgistan
40%
Lihtenštajn
40%
Malezija
40%
Palestina
40%
Uganda
40%
Zimbabve
40%
Gruzija
39%
Haiti
39%
Libanon
39%
Maldivi
39%
Namibija
39%
Senegal
39%
Tanzanija
39%
Gabon
37%
Bahami
35%
Dominikanska Republika
35%
El Salvador
35%
Gvajana
35%
Singapur
35%
Tajvan
35%
Eritreja
34%
Gvatemala
34%
Kambodža
34%
Kamerun
34%
Surinam
34%
Benin
32%
Butan
32%
Fidži
32%
Mozambik
32%
Nikaragva
32%
Sejšeli
32%
Sveta Lucija
32%
Kuvajt
31%
Lesoto
31%
Mauritanija
31%
Tadžikistan
31%
Azerbejdžan
29%
Belize
29%
Mjanmar
29%
Togo
29%
Armenija
27%
Papua Nova Gvineja
27%
Ruanda
27%
Bahrein
26%
Barbados
26%
Liberija
26%
Sijera Leone
26%
Burkina Faso
24%
Mikronezija
24%
Džibuti
23%
Ekvatorijalna Gvineja
23%
Gambija
23%
Maršalovi otoci
23%
Mauricijus
23%
Republika Kongo
23%
Zelenortski otoci
23%
Burundi
21%
Gvineja Bisau
21%
Tonga
21%
Trinidad i Tobago
21%
Brunej
19%
Esvatini
19%
Kiribati
19%
Komori
19%
Malavi
19%
Palau
19%
Tuvalu
19%
Antigva i Barbuda
18%
Grenada
18%
Istočni Timor
18%
Nauru
18%
Sao Tome i Principe
18%
Sveti Kits i Nevis
18%
Samoa
16%
Solomonski otoci
16%
Vanuatu
16%
Sveti Vincent i Grenadini
15%

Score Distribution

Percentile by Number Answered

Percent of People with Each Score

Your Score History

You have not taken this quiz since the last reset